| 000 | 00508nam a2200157 a 4500 | ||
|---|---|---|---|
| 001 | 000044420 | ||
| 005 | 20201002045348.0 | ||
| 008 | 140630s2009 br a 000 0 spa d | ||
| 020 | _a9788575961148 | ||
| 040 |
_aDO-SdBNP _bspa _cBNPHU |
||
| 100 | 1 |
_aEdnir, Madza _972434 |
|
| 245 | 1 | 0 |
_aBicho de sete cabecas : _bpara entender o financiamento da educaçáo brasileira / _cMadza Ednir e Marcos Bassi. |
| 260 |
_aSao Paulo : _bPeirópolis, _c2009. |
||
| 300 |
_a176 p. ; _c25 cm. |
||
| 700 | 1 | 2 |
_aBassi, Marcos _972435 |
| 999 |
_c43909 _d43909 |
||